Statistics for Most Spoken Languages in Oceania(Not in Order)

Click here to take the quiz!

General Stats

  • This quiz has been taken 84 times
  • The average score is 9 of 15

Answer Stats

Languages% Correct
English
99%
French
86%
Maori
81%
Spanish
77%
Fijian
74%
Hindi
64%
Chinese/Mandarin
63%
Tok Pisin
59%
Japanese
52%
Portuguese
52%
Indonesian
42%
Italian
40%
Hawaiian
34%
Marshallese
33%
Bislama
32%

Score Distribution

Percentile by Number Answered

Percent of People with Each Score

Your Score History

You have not taken this quiz